Ricostruisci la Carriera del Calciatore - Juraj Kucka - Statistics

Statistiche generali
  • Questo quiz è stato fatto 2 volte
  • Il punteggio medio è 3 su 9
Statistiche sulle risposte
Hint Risposta % Corretto
2015-2017 Milan
100%
2011-2015 Genoa
50%
2019-2021 Parma
50%
2007-2009 Ružomberok
50%
2004-2007 Podbrezová
0%
2022- Slovan Bratislava
0%
2009-2011 Sparta Praga
0%
2017-2019 Trabzonspor
0%
2021-2022 Watford
0%
Nessun quiz corrispondente trovato
Distribuzione punteggi
Percentuale di utenti per punteggio
Percentile per numero di risposta
I tuoi punteggi nel tempo
Non hai fatto questo quiz